000 00301nam a22001337a 4500
008 170930b xxu||||| |||| 00| 0 eng d
020 _a9780534394226
041 _aeng
080 _a37
100 _a47
101 _aEDU
245 _aSTUDENT SOLUTIONS MANUAL FOR TAN'S
_cTAN, S.T
942 _2udc
_cBK
999 _c30978
_d30978